| 000 | 00353nam a2200145Ia 4500 | ||
|---|---|---|---|
| 008 | 230312s9999||||xx |||||||||||||| ||und|| | ||
| 020 | _a81-8061-214-7 | ||
| 082 |
_a612.015 _bANT-B |
||
| 100 | _aAnthikad;Jacob | ||
| 245 | 0 | _aBiochemistry for Nurses | |
| 260 |
_bJaypee _aIndia _c2011 |
||
| 300 | _a225 | ||
| 650 |
_aMedical _vBiochemistry |
||
| 942 | _cBK | ||
| 999 |
_c13349 _d13349 |
||